Watergate: the corruption and fall of Richard Nixon (Record no. 378633)

000 -LEADER
fixed length control field 00441cam a22001457a 4500
008 - FIXED-LENGTH DATA ELEMENTS--GENERAL INFORMATION
fixed length control field 180718b1995 xxu||||| |||| 00| 0 eng d
020 ## - INTERNATIONAL STANDARD BOOK NUMBER
International Standard Book Number 0712674357
082 ## - DEWEY DECIMAL CLASSIFICATION NUMBER
Classification number F5x73 Em36
100 ## - MAIN ENTRY--PERSONAL NAME
Personal name Emery, Fred
245 ## - TITLE STATEMENT
Title Watergate: the corruption and fall of Richard Nixon
Statement of responsibility, etc. by Fred Emery
260 ## - PUBLICATION, DISTRIBUTION, ETC.
Place of publication, distribution, etc. London
Name of publisher, distributor, etc. Pimlico
Date of publication, distribution, etc. 1995
300 ## - PHYSICAL DESCRIPTION
Extent 542p.
650 ## - SUBJECT ADDED ENTRY--TOPICAL TERM
Topical term or geographic name entry element Watergate Affair, 1972-1974
650 ## - SUBJECT ADDED ENTRY--TOPICAL TERM
Topical term or geographic name entry element Nixon, Richard M. (Richard Milhous), 1913-1994
Holdings
Withdrawn status Lost status Damaged status Not for loan Permanent Location Current Location Date acquired Full call number Barcode Date last seen Price effective from Koha item type
        Indian Institute of Public Administration Indian Institute of Public Administration 1995-12-21 F5x73 Em36 70119 2018-07-21 2018-07-21 Book

Powered by Koha